| 000 | 00407nam a22001697a 4500 | ||
|---|---|---|---|
| 005 | 20160623164841.0 | ||
| 008 | 160623b xxu||||| |||| 00| 0 eng d | ||
| 020 | _a978-81-7722-461-0 | ||
| 041 | _aeng | ||
| 082 | _b9480 | ||
| 100 |
_aPrasad, Dr K.V.K.K. _92613 |
||
| 245 | _aEmbedded/Real time Systems | ||
| 260 |
_bDreamtech _c2013 |
||
| 300 | _a557 | ||
| 650 |
_aDiploma Engineering _9817 |
||
| 942 | _cBK | ||
| 999 |
_c3731 _d3729 |
||